History Quiz

Random History or Clickable Quiz

European History Figures by Category Quiz Stats

Quiz Updated Jul 10, 2015

Challenge
Share
Tweet
Embed
Score 0/30 Timer 06:00
5 Plays Today
% Correct
Michelangelo
97.5%
Leonardo da Vinci
97.5%
Jane Austen
96%
Emily Brontë
96%
Leo X
94.8%
Mary Shelley
94%
Raphael
93.3%
Julius II
93%
Joseph Stalin
92.3%
Vladimir Lenin
90.3%
William Shakespeare
90.3%
Alexander VI
89.4%
Ferdinand Magellan
87.5%
Erwin Rommel
86.7%
Hernán Cortés
84.2%
% Correct
Geoffrey Chaucer
81.9%
Bernard Montgomery
78%
Nicolae Ceaușescu
72.1%
Alexander Dubček
71.9%
Samuel Beckett
64%
Jean-Paul Sartre
60.3%
Jacques Cartier
55.5%
Nikolai Bulganin
55%
Molière
54.8%
Georgy Zhukov
53.7%
Thomas Malory
50.9%
Enver Hoxha
45.1%
Federico García Lorca
39.1%
Snorri Sturluson
22%
Lope de Vega
17.8%

You're not logged in!

Compare scores with friends on all Sporcle quizzes.
Join for Free
OR
Log In

You Might Also Like...

Show Comments

Extras

Top Quizzes Today


Score Distribution

Your Account Isn't Verified!

In order to create a playlist on Sporcle, you need to verify the email address you used during registration. Go to your Sporcle Settings to finish the process.

Report this User

Report this user for behavior that violates our Community Guidelines.

Details: